Five Highest Murder Rate Countries by Continent - Statistics

General Stats
  • This quiz has been taken 753 times
    734 since last reset
  • The average score is 18 of 30
Answer Stats
Rate Country % Correct
21.3 Brazil
89%
25.4 Colombia
87%
40.8 Haiti
87%
19.3 Venezuela
86%
6.8 Russia
85%
53.3 Jamaica
84%
3.8 Ukraine
79%
16.3 Guyana
75%
21.7 Nigeria
72%
41.9 South Africa
72%
40.0 Trinidad and Tobago
71%
36.7 Saint Lucia
69%
40.4 Saint Vincent and the Grenadines
68%
11.2 Uruguay
68%
9.4 Iraq
65%
9.4 Papua New Guinea
64%
6.2 Samoa
64%
11.2 Palau
56%
7.2 Kiribati
53%
4.0 Marshall Islands
53%
6.3 Yemen
50%
37.7 Lesotho
41%
2.6 Montenegro
38%
14.1 South Sudan
37%
4.3 Philippines
35%
4.8 Thailand
33%
14.6 Eritrea
25%
6.2 Mongolia
21%
2.6 Andorra
18%
5.1 Liechtenstein
15%
No matching quizzes found
Score Distribution
Percent of People with Each Score
Percentile by Number Answered
Your Score History
You have not taken this quiz since the last reset